| 000 | 00667nam a2200253Ia 4500 | ||
|---|---|---|---|
| 003 | SMC | ||
| 005 | 20160812124912.0 | ||
| 008 | 160319s9999 xx 000 0 und d | ||
| 020 | _a978-971-92823-7-2 | ||
| 050 | _aFIL PE 1460 | ||
| 050 | _b.C37 2008 | ||
| 100 | _aCarillo, Jose A. | ||
| 245 | 4 | _aThe 10 most annoying English grammar errors / | |
| 245 | _cJose A. Carillo. | ||
| 260 | _aManila: | ||
| 260 | _bThe Manila Times Pub. Corp., | ||
| 260 | _c2008 | ||
| 300 | _a107 pages : | ||
| 300 | _billustrations ; | ||
| 300 | _c17 cm. | ||
| 650 | _aEnglish language -- Errors of usage. | ||
| 650 | _xEnglish language -- Grammar. | ||
| 942 |
_2lcc _cBK |
||
| 999 |
_c291729 _d291729 |
||